Tous les personnages de Rox et Rouky - Statistiques

Statistiques générales
  • Ce quiz a été pris 23 fois
  • Le résultat moyen est 6 sur 15
Statistiques - réponses
Réponse % Correct
Rox
100%
Rouky
94%
Chef
71%
Big Mama
47%
Amos Slade
29%
Dinky
29%
Piqueur
29%
Abigail
24%
La chenille
24%
L'ours
24%
Veuve Tartine
24%
Blaireau
18%
La mère de Rox
18%
Porc-épic
18%
Viky
6%
Aucun quiz correspondant
Distribution des résultats
% des personnes avec chaque résultat
Percentile par nombre de réponses
Votre historique - résultats
Vous n’avez pas pris ce quiz